000 01352cam a22003974a 4500
001 muse84937
003 MdBmJHUP
005 20210127151646.0
006 m o d
007 cr||||||||nn|n
008 180601s2002 mx o 00 0 spa d
020 _a9786076285718
020 _z9681210581
020 _z9789681210588
035 _a(OCoLC)1151411677
040 _aMdBmJHUP
_cMdBmJHUP
041 1 _aspa
_hchi
100 1 _aWang, Meng.
245 1 0 _aCuentos
_cWang Meng ; prefacio, prólogo y selección: Flora Botton Beja ; traducciones: Duan Ruochuan ... [et al.].
250 _a2ª ed., aum.
264 1 _bInstituto Nacional de Bellas Artes y Literatura,
264 3 _bProject MUSE,
300 _a1 online resource (210 p.)
506 0 _aOpen Access
_fUnrestricted online access
_2star
588 _aDescription based on print version record.
655 7 _aElectronic books.
_2local
700 1 _aRuochuan, Duan,
_etrad.
700 1 _aBotton Beja, Flora,
_eed.
710 2 _aProject Muse.
_edistributor
830 0 _aBook collections on Project MUSE.
856 4 0 _zFull text available:
_uhttps://muse.jhu.edu/book/74772/
999 _c26577
_d26577